| 000 | 00336nam a2200121Ia 4500 | ||
|---|---|---|---|
| 008 | 210430s9999 xx 000 0 und d | ||
| 082 | _a005.133/C++ L159 O | ||
| 100 | _aROBERT Lafore | ||
| 245 |
_aObject- Oriented Programming in C++ _cROBERT Lafore |
||
| 260 |
_aINDIA _bDorling Kindersley _c2009 |
||
| 300 | _a1012p | ||
| 942 |
_cBK _2ddc |
||
| 999 |
_c563780 _d563780 |
||